01268nam a2200229 i 4500001000300000111007200003245008300075246005800158260004600216300004200262490022700304500016700531504002400698650001500722655002900737830009900766040000800865041001100873080001500884008004100899856009800940bg2 aKrajowa Konferencja Robotykin(6 ;d1998 ;cŚwieradów-Zdrój).13aVI Krajowa Konferencja Robotyki =bSixth National Confrence on Robotics.nT.2. iTyt. równol.:aSixth National Confrence on Robotics aWrocław :bOficyna Wydawnicza PW,c1998. a290 s. :bfot., rys., wykr. ;c24 cm.1 aPrace Naukowe Instytutu Cybernetyki Technicznej Politechniki Wrocławskiej. Konferencje =aScientific Papers of the Institute of Technical Cybernetics of the Wrocław University of Technology. Conferences,x0324-9794 ;v45 aTyt. równol. : Sixth National Conference on Robotics. - Nr serii gł. : 99. - Konferencja zorg. w Świeradowie-Zdroju, 9-12 września 1998 r. - Streszcz. ang. aBibliogr. przy ref. 9aAutomatyka aMateriały konferencyjne 0aPrace Naukowe Instytutu Cybernetyki Technicznej Politechniki Wrocławskiej.pKonferencje ;v45 cBPK0 aplben a681.5(061) s pl f |000 0 pol  uhttp://koha.tu.koszalin.pl/cgi-bin/koha/opac-detail.pl?biblionumber=34521yKatalog online BPK